[Event "ECC"]
[Site "Rethymnon GRE"]
[Date "2003.09.29"]
[Round "2"]
[White "Lukashok,A"]
[Black "Karttunen,M"]
[Result "1-0"]
[WhiteElo "2390"]
[BlackElo "2381"]
[EventDate "2003.09.28"]

1. e4 c5 2. Nf3 e6 3. d3 Nc6 4. g3 Nge7 5. Bg2 g6 6. h4 h6 7. Nbd2 Bg7 8.
O-O O-O 9. Re1 d6 10. Nf1 e5 11. h5 Bg4 12. hxg6 fxg6 13. Ne3 Be6 14. c3
Qd7 15. Nh2 Rf7 16. Nd5 Kh7 17. Be3 Ng8 18. a3 Nce7 19. Qe2 Raf8 20. Nxe7
Nxe7 21. Rad1 Nc6 22. b4 b6 23. b5 Na5 24. Rb1 c4 25. d4 exd4 26. cxd4 d5
27. e5 Nb3 28. a4 a6 29. Nf1 axb5 30. axb5 Ra8 31. Rb2 Ra3 32. f4 Bf8 33.
Bf3 Bb4 34. Rd1 Qxb5 35. g4 Qd7 36. Qh2 Bf8 37. f5 gxf5 38. Bxh6 Bxh6 39.
g5 Kg8 40. gxh6 f4 41. Qh5 Kh8 42. Rg2 Rf5 43. Qg4 Ra8 44. Qg7+ Qxg7 45.
hxg7+ Kh7 46. Bg4 Re8 47. Nd2 Nxd2 48. Rdxd2 f3 49. Bxf5+ Bxf5 50. Rg3 Bg6
51. Rxf3 Kxg7 52. Rf6 Be4 53. Rb2 c3 54. Rbxb6 c2 55. Rb7+ Kg8 56. Rc6 Kf8
57. Kf2 Re6 58. Rc8+ Re8 59. Rxe8+ Kxe8 1-0

[Event "ECC"]
[Site "Rethymnon GRE"]
[Date "2003.09.29"]
[Round "2"]
[White "Arduman,C"]
[Black "Mueller,Ka"]
[Result "0-1"]
[WhiteElo "2336"]
[BlackElo "2521"]
[EventDate "2003.09.28"]

1. d4 d5 2. c4 e6 3. Nf3 c6 4. Nbd2 Nf6 5. e3 c5 6. cxd5 exd5 7. Bb5+ Bd7
8. Bxd7+ Nbxd7 9. dxc5 Nxc5 10. O-O Be7 11. Nb3 Nce4 12. Nbd4 O-O 13. b3
Bb4 14. Bb2 Bc3 15. Bxc3 Nxc3 16. Qd3 Rc8 17. Rfc1 Qa5 18. Rc2 Rc7 19. h3
Rfc8 20. Qf5 Qa6 21. Kh1 b5 22. Ne5 b4 23. Nd3 Qb6 24. Qf4 a5 25. Nf5 Qa6
26. Ne5 g6 27. Nd4 Nfe4 28. f3 Nf6 29. a3 Nh5 30. Qh4 bxa3 31. Rxa3 Qf1+
32. Kh2 Ne2 33. Rxe2 Rc1 34. Qxh5 gxh5 35. Kg3 f6 36. Nd3 Rd1 37. Nf4 h4+
38. Kg4 h5+ 39. Kf5 Rxd4 40. exd4 Qb1+ 41. Re4 dxe4 42. fxe4 Re8 0-1

[Event "ECC"]
[Site "Rethymnon GRE"]
[Date "2003.09.29"]
[Round "2"]
[White "Schwarz,Mic"]
[Black "Yilmaz,T"]
[Result "1-0"]
[WhiteElo "2409"]
[BlackElo "2314"]
[EventDate "2003.09.28"]

1. d4 d5 2. Nf3 Nf6 3. g3 c6 4. Bg2 Bf5 5. O-O h6 6. c4 e6 7. Nc3 Nbd7 8.
Nd2 Be7 9. f3 Bg6 10. cxd5 exd5 11. Qb3 Nb6 12. Re1 h5 13. Nf1 h4 14. Bg5
hxg3 15. hxg3 Rh5 16. Bf4 Qd7 17. a4 Nc4 18. a5 Nd6 19. a6 b6 20. Rad1 Kf8
21. e4 dxe4 22. fxe4 Ng4 23. e5 Nf5 24. e6 Qd8 25. Qc4 Rc8 26. Qe2 Nf6 27.
g4 Nxg4 28. Qxg4 Rh4 29. Qf3 Nxd4 30. Qf2 c5 31. Nd5 f5 32. Nxe7 Qxe7 33.
Bd6 Qxd6 34. Qxh4 Kg8 35. Kh1 Be8 36. Rd3 Bc6 37. Rh3 Bxg2+ 38. Kxg2 Qc6+
39. Kf2 Nxe6 40. Qh7+ Kf7 41. Qxf5+ 1-0

[Event "ECC"]
[Site "Rethymnon GRE"]
[Date "2003.09.29"]
[Round "2"]
[White "Ipek,A"]
[Black "Schlosser,M"]
[Result "0-1"]
[WhiteElo "2232"]
[BlackElo "2367"]
[EventDate "2003.09.28"]

1. d4 Nf6 2. Nf3 c5 3. d5 b5 4. Bg5 Qa5+ 5. c3 Qb6 6. Bxf6 Qxf6 7. e4 Qb6
8. Nbd2 g6 9. a4 bxa4 10. Nc4 Qc7 11. Rxa4 d6 12. Be2 Bg7 13. O-O O-O 14.
Qd2 Nd7 15. Rfa1 Nb6 16. Nxb6 Qxb6 17. Qc2 Bd7 18. Ra6 Qb7 19. h3 f5 20.
Bd3 fxe4 21. Bxe4 Bb5 22. R6a5 Bc4 23. Nd2 Bxd5 24. Bxd5+ Qxd5 25. Rxa7
Rxa7 26. Rxa7 Qf7 27. Nf3 Bf6 28. Qe2 Rb8 29. Nh2 h5 30. g4 Qd5 31. Nf1
hxg4 32. hxg4 Kf7 33. Ne3 Qe4 34. Qc4+ Qxc4 35. Nxc4 d5 36. Ne3 d4 37. cxd4
cxd4 38. Nc4 Rb4 39. Rc7 Ke6 40. Rc5 d3 41. Kf1 Bd4 42. Rc7 Bxb2 43. Nxb2
Rxb2 44. Ke1 Re2+ 45. Kd1 Rxf2 46. Rc6+ Kd5 47. Rxg6 e5 48. g5 e4 49. Rh6
e3 0-1

[Event "ECC"]
[Site "Rethymnon GRE"]
[Date "2003.09.29"]
[Round "2"]
[White "Kotz,H"]
[Black "Ulucan,T"]
[Result "1-0"]
[WhiteElo "2354"]
[BlackElo "2103"]
[EventDate "2003.09.28"]

1. e4 c5 2. Nf3 d6 3. d4 cxd4 4. Nxd4 Nf6 5. Nc3 a6 6. Bc4 e6 7. Bb3 Nbd7
8. O-O Nc5 9. Re1 Be7 10. f4 O-O 11. e5 dxe5 12. fxe5 Nxb3 13. axb3 Bc5 14.
Be3 Nd5 15. Bf2 Nxc3 16. bxc3 b5 17. Qf3 Qb6 18. b4 Bxd4 19. Bxd4 Qb8 20.
Re3 Bb7 21. Qg4 Qc8 22. Rf1 Rd8 23. h4 Qc6 24. h5 Rac8 25. Rg3 g6 26. hxg6
fxg6 27. Rf6 Qe4 28. Qxe6+ Kh8 29. Rf7 Qc6 30. Rxh7+ Kxh7 31. Qf7+ 1-0

[Event "ECC"]
[Site "Rethymnon GRE"]
[Date "2003.09.29"]
[Round "2"]
[White "Solakoglu,O"]
[Black "Perhinig,R"]
[Result "0-1"]
[WhiteElo "2084"]
[BlackElo "2215"]
[EventDate "2003.09.28"]

1. e4 e6 2. d4 d5 3. exd5 exd5 4. Nf3 Nf6 5. Bg5 Be7 6. Bd3 O-O 7. O-O Bg4
8. Nbd2 c5 9. c3 Nc6 10. Bxf6 Bxf6 11. dxc5 Qc7 12. Qc2 h6 13. h3 Bd7 14.
Rad1 a5 15. Nb3 a4 16. Nbd4 Na5 17. b4 axb3 18. axb3 b6 19. cxb6 Qxb6 20.
Ra1 Rab8 21. b4 Nc6 22. Nxc6 Qxc6 23. Rfc1 Rfc8 24. Ra3 Rc7 25. Nd4 Qd6 26.
Qb2 Bxd4 27. cxd4 Rxc1+ 28. Qxc1 Qxb4 29. Ra7 Qxd4 30. Rxd7 Qxd3 31. Qc7
Rb1+ 0-1

[Event "ECC"]
[Site "Rethymnon GRE"]
[Date "2003.09.29"]
[Round "2"]
[White "Fejzullahu,A"]
[Black "Winants,L"]
[Result "1/2-1/2"]
[WhiteElo "2306"]
[BlackElo "2501"]
[EventDate "2003.09.28"]

1. e4 e5 2. Nf3 Nc6 3. Bb5 a6 4. Ba4 d6 5. O-O Nf6 6. Re1 b5 7. Bb3 Na5 8.
d4 Nxb3 9. axb3 Nd7 10. Nc3 Bb7 11. d5 Be7 12. Ne2 c6 13. c4 O-O 14. Ng3 g6
15. Bh6 Re8 16. Qd2 Nc5 17. Re3 cxd5 18. cxd5 a5 19. Rc1 Bf6 20. b4 axb4
21. Qxb4 Qb6 22. h4 Rec8 23. Ng5 Na6 24. Rxc8+ Rxc8 25. Qd2 Qd4 26. Qe2 Nc5
27. Rf3 Bxg5 28. Bxg5 f5 29. exf5 Bxd5 30. fxg6 hxg6 31. Rf6 Bf7 32. h5 Nd7
33. Rxf7 Kxf7 34. Qf3+ Kg7 35. hxg6 Qc4 36. Qh5 Rh8 37. Nf5+ Kg8 38. Ne7+
Kg7 39. Nf5+ 1/2-1/2

[Event "ECC"]
[Site "Rethymnon GRE"]
[Date "2003.09.29"]
[Round "2"]
[White "Cekro,E"]
[Black "Bujupi,B"]
[Result "1/2-1/2"]
[WhiteElo "2441"]
[BlackElo "2205"]
[EventDate "2003.09.28"]

1. c4 Nf6 2. g3 e6 3. Nf3 d5 4. b3 Be7 5. Bg2 O-O 6. O-O c5 7. Bb2 Nc6 8.
e3 dxc4 9. bxc4 Qc7 10. Qe2 b6 11. Nc3 a6 12. Rab1 Rb8 13. Ba1 Bb7 14. Rfc1
Rfd8 15. d3 Ba8 16. Ne1 Ne5 17. f4 Ned7 18. e4 e5 19. f5 Bc6 20. a4 Rb7 21.
g4 h6 22. h4 Nh7 23. Nf3 Re8 24. Qf2 Qd8 25. Qg3 f6 26. Qf2 Nb8 27. Bf1 a5
28. Nb5 Bd7 29. Bc3 Nc6 30. Bd2 Rb8 31. Be3 Nd4 32. Nc3 Bc6 33. Rb2 Nf8 34.
Rbb1 Nh7 35. Nd5 Bxd5 36. exd5 Nxf3+ 37. Qxf3 Bd6 38. Bg2 Nf8 39. Qh3 e4
40. Bxe4 Nd7 1/2-1/2

[Event "ECC"]
[Site "Rethymnon GRE"]
[Date "2003.09.29"]
[Round "2"]
[White "Idrizaj,A"]
[Black "Goossens,E"]
[Result "1/2-1/2"]
[WhiteElo "2242"]
[BlackElo "2234"]
[EventDate "2003.09.28"]

1. e4 c5 2. Nf3 Nc6 3. d4 cxd4 4. Nxd4 e5 5. Nb5 d6 6. N1c3 a6 7. Na3 b5 8.
Nd5 Nf6 9. Bg5 Be7 10. Bxf6 Bxf6 11. c3 Ne7 12. Nc2 Nxd5 13. Qxd5 Be6 14.
Qd1 d5 15. Bd3 O-O 16. O-O Rb8 17. Nb4 dxe4 18. Bxe4 Qxd1 19. Rfxd1 Rb6 20.
a3 g6 21. Nd5 Bxd5 22. Rxd5 a5 23. b4 a4 24. Rad1 Rc8 25. Rc5 Rbb8 26. g3
Be7 27. Rc6 Rxc6 28. Bxc6 Rc8 29. Bxb5 Rxc3 30. Rd3 Rxd3 31. Bxd3 Bg5 32.
b5 Bc1 33. b6 Bxa3 34. Bc2 f5 35. Bxa4 Kf7 36. b7 Bd6 37. Kf1 g5 38. Bd7
Kf6 39. Ke2 e4 40. f3 exf3+ 41. Kxf3 g4+ 42. Kg2 Kg5 43. h3 gxh3+ 44. Kxh3
h5 1/2-1/2

[Event "ECC"]
[Site "Rethymnon GRE"]
[Date "2003.09.29"]
[Round "2"]
[White "Nyysti,S"]
[Black "Ostenstad,B"]
[Result "0-1"]
[WhiteElo "2399"]
[BlackElo "2469"]
[EventDate "2003.09.28"]

1. e4 e6 2. d4 d5 3. Nc3 Bb4 4. e5 c5 5. a3 Bxc3+ 6. bxc3 Ne7 7. Qg4 Kf8 8.
Bd2 Qc7 9. Bd3 b6 10. Nh3 Ba6 11. O-O Bxd3 12. cxd3 Nbc6 13. Nf4 Rc8 14.
dxc5 bxc5 15. d4 h6 16. Rfc1 Na5 17. Qd1 Rb8 18. Rab1 c4 19. Rxb8+ Qxb8 20.
Rb1 Nb3 21. Nd3 Qc7 22. Nc5 Nxc5 23. dxc5 Nc6 24. Qa4 Ke7 25. Qa6 Rb8 26.
Rxb8 Qxb8 27. f4 Kd7 28. a4 Qb3 29. Kf2 Kc7 0-1

[Event "ECC"]
[Site "Rethymnon GRE"]
[Date "2003.09.29"]
[Round "2"]
[White "Tisdall,J"]
[Black "Nivala,T"]
[Result "1-0"]
[WhiteElo "2481"]
[BlackElo "2196"]
[EventDate "2003.09.28"]

1. Nf3 c5 2. b3 Nf6 3. Bb2 e6 4. g3 b5 5. Bg2 Bb7 6. O-O Be7 7. c4 bxc4 8.
bxc4 O-O 9. Nc3 Nc6 10. Rb1 Rb8 11. e4 d5 12. exd5 exd5 13. Nxd5 Nxd5 14.
cxd5 Nb4 15. Be5 Bd6 16. d4 c4 17. Rxb4 Bxb4 18. Bxb8 Qxb8 19. Ne5 Rd8 20.
Qa4 a5 21. a3 Bd6 22. Qxc4 Bxe5 23. dxe5 Qxe5 24. Qb5 Ba8 25. Qxa5 Qd6 26.
a4 1-0

[Event "ECC"]
[Site "Rethymnon GRE"]
[Date "2003.09.29"]
[Round "2"]
[White "Kosmo,S"]
[Black "Ekeberg,C"]
[Result "1/2-1/2"]
[WhiteElo "2180"]
[BlackElo "2226"]
[EventDate "2003.09.28"]

1. e4 c5 2. Nf3 Nc6 3. d4 cxd4 4. Nxd4 Nf6 5. Nc3 e5 6. Ndb5 d6 7. Bg5 a6
8. Na3 b5 9. Bxf6 gxf6 10. Nd5 Bg7 11. Bd3 Ne7 12. Nxe7 Qxe7 13. O-O O-O
14. c4 f5 15. Qf3 Re8 16. Rfe1 b4 17. Nc2 f4 18. Be2 Rb8 19. b3 a5 20. Rad1
Be6 21. Rd2 Rb6 22. Qh5 Kh8 23. Bg4 Rg8 24. Bf5 h6 25. Red1 Bf8 26. Bh3 Qf6
27. Ne1 Rg5 28. Qf3 Rb8 29. Kh1 Be7 30. Bxe6 fxe6 31. Ra1 Qg6 32. Rad1 Qe8
33. Qh3 Qg6 34. Qf3 Rg8 35. Rd3 Qf6 36. R3d2 Rc8 37. Rd3 Rc6 38. R3d2 Kh7
39. Rd3 Rg6 40. R3d2 Qf8 41. Nd3 Qf6 42. Ne1 Rg5 43. Rd3 Rc8 1/2-1/2

[Event "ECC"]
[Site "Rethymnon GRE"]
[Date "2003.09.29"]
[Round "2"]
[White "Jansson,J"]
[Black "Porrasmaa,T"]
[Result "0-1"]
[WhiteElo "2256"]
[BlackElo "2219"]
[EventDate "2003.09.28"]

1. Nf3 g6 2. g3 Bg7 3. Bg2 c5 4. O-O Nc6 5. c4 e6 6. Nc3 Nge7 7. Rb1 O-O 8.
a3 d5 9. d3 b6 10. cxd5 exd5 11. Qa4 Bb7 12. Qh4 Nf5 13. Qh3 Ncd4 14. g4
Nxf3+ 15. Bxf3 Nd4 16. Bg2 Qd7 17. e4 dxe4 18. dxe4 Bc8 19. e5 Rb8 20. Bf4
Qxg4 21. Qxg4 Bxg4 22. e6 fxe6 23. Bxb8 Rxb8 24. Rfe1 Rf8 25. Ne4 Bh6 26.
h3 Be2 27. b3 Bd3 28. Rb2 Bc2 29. b4 c4 30. b5 Bd3 31. a4 Bg7 32. Rd2 Bh6
33. Ra2 Bg7 34. Kh1 Nc2 35. Rd1 Nb4 36. Ra3 Bb2 37. Raxd3 Nxd3 38. Bf1 Rf4
39. Bxd3 cxd3 40. Ng5 Rd4 41. Nxe6 Rd6 42. Nf4 d2 43. Kg2 Bg7 44. Kf3 Bh6
45. Ke4 Bxf4 46. Kxf4 Kf7 47. Ke3 Ke6 48. Rxd2 Rxd2 49. Kxd2 Kd5 50. Kc3
Ke4 51. Kc4 g5 52. f3+ Kxf3 53. Kd5 h5 54. Kc6 g4 55. hxg4 hxg4 56. Kb7 g3
57. Kxa7 g2 58. Kxb6 g1=Q+ 59. Ka6 Ke4 60. a5 Kd5 61. Kb7 Kc5 62. b6 Kb5
0-1

[Event "ECC"]
[Site "Rethymnon GRE"]
[Date "2003.09.29"]
[Round "2"]
[White "Saastamoinen,A"]
[Black "Hammerstad,A"]
[Result "0-1"]
[WhiteElo "2170"]
[BlackElo "2180"]
[EventDate "2003.09.28"]

1. e4 e6 2. d3 c5 3. Nf3 Nc6 4. g3 g6 5. Bg2 Bg7 6. O-O Nge7 7. c3 O-O 8.
Be3 d6 9. a4 h6 10. h4 f5 11. Qd2 Kh7 12. Nh2 e5 13. f4 exf4 14. gxf4 Be6
15. Na3 Rb8 16. Kh1 Ng8 17. Qf2 Nf6 18. exf5 gxf5 19. Rg1 Rg8 20. c4 Ne7
21. Nb5 a6 22. Nc3 Ng6 23. Bf3 h5 24. Rg2 Bh6 25. Nd5 Bxd5 26. Bxd5 Nxd5
27. cxd5 Nxh4 28. Rxg8 Qxg8 29. Qxh4 Qxd5+ 30. Kg1 Rg8+ 31. Kf2 Qg2+ 32.
Ke1 Qh1+ 33. Ke2 Qxa1 34. Qxh5 Qxb2+ 35. Ke1 Qc3+ 0-1

[Event "ECC"]
[Site "Rethymnon GRE"]
[Date "2003.09.29"]
[Round "2"]
[White "Souleidis,G"]
[Black "Ebner,H"]
[Result "1/2-1/2"]
[WhiteElo "2382"]
[BlackElo "2256"]
[EventDate "2003.09.28"]

1. e4 c5 2. Nf3 d6 3. d4 cxd4 4. Nxd4 Nf6 5. Nc3 g6 6. g3 Nc6 7. Nde2 Bg7
8. Bg2 O-O 9. O-O Rb8 10. a4 a6 11. Nd5 b5 12. axb5 axb5 13. Bg5 Nd7 14. c3
h6 15. Be3 Bb7 16. Qd2 Kh7 17. Ra2 Na5 18. Nd4 Nc4 19. Qe2 Nxe3 20. fxe3
Nc5 21. Nxb5 e6 22. Nb4 Qb6 23. Na3 Bxe4 24. Nc4 Qc7 25. Bxe4 Nxe4 26. Nd2
Qb7 27. Nxe4 Qxe4 28. Ra7 Rb7 29. Rxb7 Qxb7 30. Qd3 d5 31. Ra1 h5 32. Qa6
Qc7 33. Qa7 Qc4 34. Qa6 Qg4 35. Re1 h4 36. Qe2 Qe4 37. Qg2 Qc4 38. Qe2 Qe4
39. Qg2 Qg4 40. Qe2 Qg5 41. Qf3 Be5 42. Kg2 hxg3 1/2-1/2

[Event "ECC"]
[Site "Rethymnon GRE"]
[Date "2003.09.29"]
[Round "2"]
[White "Sandalakis,A"]
[Black "Pfaffel,T"]
[Result "1-0"]
[WhiteElo "2138"]
[BlackElo "2126"]
[EventDate "2003.09.28"]

1. e4 c5 2. Nf3 d6 3. d4 cxd4 4. Nxd4 Nf6 5. Nc3 a6 6. Be2 e5 7. Nb3 Qc7 8.
a4 Be6 9. O-O Nbd7 10. Be3 Be7 11. a5 O-O 12. Qd2 Rad8 13. Rfd1 Nc5 14.
Nxc5 dxc5 15. Qe1 Rxd1 16. Bxd1 Rd8 17. Bf3 Rd7 18. Na4 Bg4 19. Bxg4 Nxg4
20. Nb6 Rd8 21. Nd5 Qd6 22. Rd1 Bf8 23. Bg5 f6 24. Nxf6+ Nxf6 25. Rxd6 Rxd6
26. Bxf6 gxf6 27. g3 Kf7 28. Qe3 Rd7 29. Kg2 Ke6 30. Qb3+ Ke7 31. Qc4 Ke8
32. Qe6+ Be7 33. h4 h6 34. h5 Rc7 35. Kf3 Rc6 36. Qg8+ Bf8 37. Qb3 Rc7 38.
Qb6 Rd7 39. Kg4 Kf7 40. Kf5 Be7 41. Qe6+ Ke8 42. Qg8+ 1-0

[Event "ECC"]
[Site "Rethymnon GRE"]
[Date "2003.09.29"]
[Round "2"]
[White "Herndl,G"]
[Black "Stavrianakis,I"]
[Result "1-0"]
[WhiteElo "2181"]
[BlackElo "2035"]
[EventDate "2003.09.28"]

1. e4 e6 2. d3 d5 3. Nd2 Nf6 4. Ngf3 c5 5. g3 Nc6 6. Bg2 Be7 7. O-O Qc7 8.
Re1 O-O 9. Nf1 a6 10. e5 Nd7 11. Bf4 Qb6 12. h4 Re8 13. Bh3 Nf8 14. N1h2
Nd4 15. Nxd4 cxd4 16. Bg5 Qxb2 17. Ng4 Bxg5 18. hxg5 Ng6 19. Kg2 Qc3 20.
Rh1 Kf8 21. Nf6 Nxe5 22. Qh5 Rd8 23. Qxh7 Ng6 24. Qg8+ Ke7 25. Qxg7 Bd7 26.
Rae1 Qc6 27. Nxd7 Qxd7 28. Rxe6+ Qxe6 29. Bxe6 Kxe6 30. Qf6+ Kd7 31. Qxf7+
Ne7 32. Rh7 Re8 33. Qxd5+ 1-0

[Event "ECC"]
[Site "Rethymnon GRE"]
[Date "2003.09.29"]
[Round "2"]
[White "Jones,Ri"]
[Black "Boidman,Y"]
[Result "1/2-1/2"]
[WhiteElo "2063"]
[BlackElo "2407"]
[EventDate "2003.09.28"]

1. e4 e5 2. f4 exf4 3. Nf3 g5 4. h4 g4 5. Ne5 Nf6 6. d4 d6 7. Nd3 Nc6 8. c3
Nxe4 9. Bxf4 d5 10. Nd2 Bd6 11. Be2 Ng3 12. Rh2 Bxf4 13. Nxf4 Qd6 14. Nd3
Ne4 15. Rh1 Qg3+ 16. Kf1 Bf5 17. Qe1 Nxd2+ 18. Qxd2 Be4 19. Rg1 Bxd3 20.
Qxd3 Qxh4 21. Qf5 Rg8 22. Qxd5 Rg6 23. g3 Qh3+ 24. Ke1 Rd8 25. Qh1 Kf8 26.
Qxh3 gxh3 27. Kf2 Rd5 28. g4 Ne7 29. Raf1 Rdg5 30. Rh1 h5 31. gxh5 Rg2+ 32.
Ke1 Re6 33. Rf2 Nd5 34. Kf1 Kg7 35. Rh2 Nf4 36. Bf3 Rg3 37. Be2 Re4 38. Bf3
Re6 39. Be2 Ng2 40. Rf3 Rxf3+ 41. Bxf3 Nf4 42. Bxb7 Kh6 43. Bc8 Re3 44. Kf2
Rd3 45. Bf5 Rd2+ 46. Kg3 Rg2+ 47. Rxg2 hxg2 48. Kf2 Kxh5 49. Be4 Kg4 50.
Bxg2 Nd3+ 51. Ke3 Nxb2 52. Bf3+ Kg3 53. Be2 f5 54. d5 f4+ 55. Kd4 f3 56.
Bb5 f2 57. Kc5 Nd1 58. Kc6 Nxc3 59. Bf1 a5 60. Kxc7 Nxd5+ 61. Kc6 Nf4 62.
Kb5 Kf3 63. Kxa5 Ke3 64. Kb6 Kd2 65. a4 Ke1 66. a5 Nd5+ 67. Kc5 Kxf1 68. a6
Ke2 69. a7 f1=Q 70. a8=Q Qc1+ 71. Kd6 Qh6+ 72. Kc5 Qe3+ 73. Kd6 Qf4+ 74.
Kc5 Qf2+ 75. Kd6 Qf6+ 76. Kc5 Ne3 77. Qa2+ Kf3 78. Qa8+ Kf4 79. Qb8+ Kg5
80. Qg8+ Kh6 81. Qe8 Qc3+ 82. Kd6 Nf5+ 83. Kd7 Qd4+ 84. Kc7 Qa7+ 85. Kd8
Qb8+ 86. Kd7 Qb5+ 87. Kd8 Qb8+ 88. Kd7 Qb7+ 89. Kd8 Qb6+ 90. Kd7 Qd6+ 91.
Kc8 Ne7+ 92. Kb7 Qb4+ 93. Ka6 Qd6+ 94. Kb7 Qb4+ 95. Ka6 Qc4+ 96. Qb5 Qc8+
97. Qb7 Qc4+ 98. Qb5 Qa2+ 99. Qa5 Qe2+ 100. Qb5 Qe4 101. Qb6+ Kg7 102. Qb2+
Kf7 103. Qb3+ Kf6 104. Qb2+ Ke6 105. Qb3+ Nd5 106. Qh3+ Kd6 107. Qh6+ Kc7
108. Qg7+ Ne7 109. Qc3+ Kd7 110. Qh3+ Kc7 111. Qc3+ Kd8 112. Qa5+ Kd7 113.
Qc5 Nc6 114. Kb6 Qe6 115. Qb5 Qe4 116. Qc5 Qf3 117. Qb5 Qe4 118. Qc5 Ne7
119. Qc7+ Ke6 120. Qc5 1/2-1/2

[Event "ECC"]
[Site "Rethymnon GRE"]
[Date "2003.09.29"]
[Round "2"]
[White "Koerholz,L"]
[Black "Walsh,C"]
[Result "1-0"]
[WhiteElo "2336"]
[BlackElo "2170"]
[EventDate "2003.09.28"]

1. d4 Nf6 2. c4 e6 3. Nc3 Bb4 4. Qc2 O-O 5. a3 Bxc3+ 6. Qxc3 Ne4 7. Qc2 f5
8. Nh3 b6 9. f3 Nf6 10. e3 Bb7 11. Bd3 Qe7 12. O-O d6 13. b3 Nbd7 14. Bb2
g6 15. Nf2 Rae8 16. Qc3 c5 17. Rae1 Qg7 18. Bc2 Re7 19. Rd1 Ne8 20. Rd2 f4
21. Re1 d5 22. dxc5 Qxc3 23. Bxc3 dxc4 24. cxb6 axb6 25. bxc4 Ng7 26. Bb4
Nc5 27. Rd6 1-0

[Event "ECC"]
[Site "Rethymnon GRE"]
[Date "2003.09.29"]
[Round "2"]
[White "Cast,A"]
[Black "Brittner,S"]
[Result "1/2-1/2"]
[WhiteElo "2104"]
[BlackElo "2245"]
[EventDate "2003.09.28"]

1. d4 Nf6 2. Nf3 e6 3. c4 c5 4. e3 cxd4 5. exd4 Be7 6. Nc3 O-O 7. Be2 d5 8.
O-O b6 9. Re1 Bb7 10. cxd5 Nxd5 11. Nxd5 Qxd5 12. b3 Bf6 13. Bb2 Nc6 14.
Bc4 Qh5 15. Ne5 Qxd1 16. Raxd1 Rfd8 17. f4 Nb4 18. f5 Bxe5 19. Rxe5 Nc6 20.
Re2 exf5 21. d5 Na5 22. Red2 Nxc4 23. bxc4 Ba6 24. Rd4 Rac8 25. Rc1 f6 26.
Ba3 Kf7 27. Kf2 Rd7 28. d6 Re8 29. Re1 Re5 30. Re3 Bb7 31. Red3 Ke6 32. g3
g5 33. Bb4 Re4 34. c5 a5 35. Ba3 bxc5 36. Bxc5 Rxd4 37. Rxd4 Bc6 38. Ke3
Rb7 39. Rd2 h5 40. Ba3 Kd7 41. Bb2 Ke6 42. Ba3 h4 43. gxh4 f4+ 44. Kf2 Rh7
45. Kg1 g4 46. Rd4 f5 47. Rxf4 Rxh4 48. Rf2 Rh7 49. Re2+ Be4 50. Rd2 Kd7
51. Bc5 Rh3 52. Kf1 Rf3+ 53. Ke2 Bc6 54. Ke1 Rc3 1/2-1/2

[Event "ECC"]
[Site "Rethymnon GRE"]
[Date "2003.09.29"]
[Round "2"]
[White "Trauth,M"]
[Black "Saunders,R"]
[Result "1-0"]
[WhiteElo "2202"]
[BlackElo "2170"]
[EventDate "2003.09.28"]

1. Nf3 Nf6 2. c4 e6 3. g3 b6 4. Bg2 Bb7 5. O-O Be7 6. Nc3 O-O 7. b3 d5 8.
e3 c5 9. Bb2 Nc6 10. cxd5 exd5 11. d4 Rc8 12. Ne5 cxd4 13. exd4 Qd6 14. Re1
Rfe8 15. Bh3 Rcd8 16. Nb5 Qb8 17. Rc1 Nxe5 18. dxe5 Ne4 19. e6 f6 20. Bf5
g6 21. Qg4 Ng5 22. h4 gxf5 23. Qxf5 Ne4 24. Rc7 Bc8 25. Rxe4 dxe4 26. Bxf6
1-0

[Event "ECC"]
[Site "Rethymnon GRE"]
[Date "2003.09.29"]
[Round "2"]
[White "Sinnett,G"]
[Black "Oberweis,P"]
[Result "1/2-1/2"]
[WhiteElo "2010"]
[BlackElo "2183"]
[EventDate "2003.09.28"]

1. d4 Nf6 2. c4 g6 3. Nc3 Bg7 4. e4 d6 5. Nge2 O-O 6. Ng3 e5 7. d5 Ne8 8.
h4 f5 9. Bg5 Nf6 10. exf5 gxf5 11. Nh5 Bh8 12. Qd2 Qe8 13. Nxf6+ Bxf6 14.
O-O-O Qg6 15. Bxf6 Rxf6 16. Be2 Qh6 17. Qxh6 Rxh6 18. h5 Rf6 19. Rdg1 Na6
20. g4 fxg4 21. Bxg4 Kf7 22. Bxc8 Rxc8 23. Ne4 1/2-1/2

[Event "ECC"]
[Site "Rethymnon GRE"]
[Date "2003.09.29"]
[Round "2"]
[White "Wukits,R"]
[Black "Cobb,C"]
[Result "1/2-1/2"]
[WhiteElo "2288"]
[BlackElo "2393"]
[EventDate "2003.09.28"]

1. d4 e6 2. c4 Nf6 3. Nc3 d5 4. Bg5 Nbd7 5. e3 c6 6. Nf3 Qa5 7. Nd2 dxc4 8.
Bxf6 Nxf6 9. Nxc4 Qc7 10. Rc1 Be7 11. Bd3 O-O 12. O-O Rd8 13. Qe2 Bd7 14.
Ne4 Be8 15. Nc5 Rac8 16. b4 b6 17. Na6 Qb7 18. Ne5 Nd5 19. a3 Bd6 20. f4
Nc7 21. Rf3 Bxe5 22. fxe5 Nb5 23. Bxh7+ Kxh7 24. Rh3+ Kg8 25. Qh5 Kf8 26.
Qg5 Kg8 27. a4 Nxd4 28. Qh5 Kf8 29. exd4 Ke7 30. Qh4+ 1/2-1/2

[Event "ECC"]
[Site "Rethymnon GRE"]
[Date "2003.09.29"]
[Round "2"]
[White "Kett,T"]
[Black "Schwaninger,W"]
[Result "0-1"]
[WhiteElo "2145"]
[BlackElo "2207"]
[EventDate "2003.09.28"]

1. e4 g6 2. d4 Bg7 3. Nf3 c5 4. dxc5 Qa5+ 5. Bd2 Qxc5 6. Nc3 d6 7. Bd3 Bg4
8. h3 Bd7 9. O-O Nf6 10. Be3 Qa5 11. Qd2 Nc6 12. Rad1 Rc8 13. Bh6 O-O 14.
Bxg7 Kxg7 15. Nd5 Qxd2 16. Rxd2 Nxd5 17. exd5 Nb4 18. Re1 Rfe8 19. c3 Nxd5
20. Be4 Nf6 21. Bxb7 Rc7 22. Ba6 d5 23. Ne5 Rb8 24. Nxd7 Rxd7 25. Bf1 Rc7
26. b3 e6 27. c4 a5 28. cxd5 Nxd5 29. g3 Rbc8 30. Bg2 Rc1 31. Rxc1 Rxc1+
32. Kh2 Nb4 33. Bf3 Ra1 34. a4 Rb1 35. Bd1 Nd5 36. Rd3 Kf6 37. Rf3+ Ke7 38.
Be2 f5 39. Bc4 Rb2 40. Kg2 Kd6 41. Rd3 Kc5 42. h4 h6 43. Bxd5 exd5 44. Rc3+
Kd6 45. Rc8 Rxb3 46. Rh8 Rb6 47. Rxh6 Kc5 48. h5 gxh5 49. Rxh5 Rf6 50. Kf3
Kc4 51. Rh8 Rd6 52. Rc8+ Kb4 53. Kf4 d4 54. Ke5 Rd7 55. Ke6 Rh7 56. Rd8 Kc3
57. Kxf5 d3 58. g4 Rf7+ 59. Ke4 Re7+ 60. Kf5 Rf7+ 61. Ke4 d2 62. g5 Rxf2
63. Ke3 Rg2 64. Rc8+ Kb3 65. Rd8 Kc2 66. Rc8+ Kd1 0-1

[Event "ECC"]
[Site "Rethymnon GRE"]
[Date "2003.09.29"]
[Round "2"]
[White "Kreindl,H"]
[Black "Spice,A"]
[Result "0-1"]
[WhiteElo "2201"]
[BlackElo "2181"]
[EventDate "2003.09.28"]

1. d4 e6 2. Nf3 f5 3. Bf4 Nf6 4. e3 Be7 5. h3 O-O 6. Nbd2 d6 7. c3 Nc6 8.
Qc2 Qe8 9. g4 Nd5 10. Bh2 f4 11. exf4 Nxf4 12. Bxf4 Rxf4 13. Bd3 h6 14.
O-O-O Qf7 15. Be2 Bd7 16. Rdg1 e5 17. dxe5 Nxe5 18. Nxe5 dxe5 19. Kb1 Be6
20. b3 Rxf2 21. Rf1 Bd5 22. Ne4 Rxe2 23. Qxe2 Qg6 24. Rf5 Qc6 25. Rxe5 Bd6
26. Rxd5 Qxd5 27. Rd1 Qe6 28. Qd3 Be7 29. Qd5 Qxd5 30. Rxd5 Kf7 31. Kc2 Ke6
32. Rf5 b6 33. Ng3 g6 34. Rf2 Bh4 35. Re2+ Kd5 36. Ne4 Rf8 37. Nd2 Rf2 38.
Kd3 Rxe2 39. Kxe2 Bg5 40. Nf1 Ke4 41. Ng3+ Kf4 42. Nf1 b5 43. Ne3 Ke4 44.
Nc2 c5 45. a4 bxa4 46. bxa4 Bf6 47. Kd2 Kf3 48. c4 Ke4 49. Na3 a6 50. Kc2
Ke3 51. Nb1 Kd4 52. Na3 Bd8 53. Kb3 Kd3 54. Nc2 Ba5 55. Na3 Bd2 56. Nc2 Ke2
57. Na3 Kf3 0-1

[Event "ECC"]
[Site "Rethymnon GRE"]
[Date "2003.09.29"]
[Round "2"]
[White "Trevelyan,J"]
[Black "Lenz,A"]
[Result "1/2-1/2"]
[WhiteElo "2150"]
[BlackElo "2189"]
[EventDate "2003.09.28"]

1. Nc3 e6 2. e4 d5 3. f4 d4 4. Nce2 c5 5. Ng3 a6 6. Nf3 Nc6 7. a4 Bd6 8. e5
Be7 9. Bc4 h5 10. d3 g6 11. O-O Nh6 12. Ne4 b6 13. Bd2 Bb7 14. Nfg5 Nf5 15.
Qe2 Nb4 16. Bxb4 cxb4 17. Bb3 Qd7 18. Rf2 Ne3 1/2-1/2

[Event "ECC"]
[Site "Rethymnon GRE"]
[Date "2003.09.29"]
[Round "2"]
[White "Davies,Pe"]
[Black "Petschar,H"]
[Result "1/2-1/2"]
[WhiteElo "2042"]
[BlackElo "2004"]
[EventDate "2003.09.28"]

1. e4 d6 2. d4 Nf6 3. Nc3 g6 4. f4 Bg7 5. Nf3 c5 6. dxc5 Qa5 7. Bd3 Qxc5 8.
Qe2 Bg4 9. Be3 Qa5 10. O-O O-O 11. h3 Bxf3 12. Qxf3 Nc6 13. Ne2 Nd7 14. c3
Nde5 15. fxe5 Nxe5 16. Qg3 Nxd3 17. Bg5 Qb6+ 18. Kh1 Ne5 19. b3 Rfe8 20.
Nf4 e6 21. Ne2 a5 22. Rad1 a4 23. b4 Rac8 24. Be3 Qc6 25. Qh4 Qc4 26. Rd2
d5 27. Bd4 dxe4 28. Qxe4 Qd5 29. Qxd5 exd5 30. Rdd1 Nc4 31. Bxg7 Kxg7 32.
Rf2 Ne3 33. Rd4 Nf5 34. Rxd5 Rxe2 35. Rdxf5 Re1+ 36. Rf1 Rxf1+ 37. Rxf1
Rxc3 38. Rd1 Rc7 39. Rd4 Rc2 40. a3 Rc3 41. Rd7 b5 42. Rb7 Rxa3 43. Rxb5
Rb3 44. Rb7 Kf6 45. Kh2 h5 46. b5 h4 47. Ra7 a3 48. b6 Rxb6 49. Rxa3 Kg5
50. Ra5+ f5 51. Rc5 Re6 52. Ra5 Re1 1/2-1/2